| 000 | 00356nam a2200145Ia 4500 | ||
|---|---|---|---|
| 008 | 230917s9999||||xx |||||||||||||| ||und|| | ||
| 040 |
_e39222 _aMAIN |
||
| 041 | _aEnglish | ||
| 082 | _a954.5 G646H | ||
| 100 | _aGopal Singh | ||
| 245 | 0 | _aHistory of the Sikh people: 1469-1988 | |
| 260 |
_aNew Delhi _bWorld Book _c1990 |
||
| 300 | _a860 p. | ||
| 942 | _cBK | ||
| 999 |
_c68129 _d68129 |
||